| 000 | 00452nam a2200169Ia 4500 | ||
|---|---|---|---|
| 005 | 20250423100617.0 | ||
| 008 | 250422s9999 xx 000 0 und d | ||
| 020 | _a0- 86552- 106- 9 | ||
| 050 | _aLC 5131 .A53/ | ||
| 100 | _aAnderson, Mark E. | ||
| 245 | 0 | _aPrincipals : how to train, recruit, select, induct, and evaluate leaders for America's schools | |
| 260 | _aOrlando | ||
| 260 | _bERIC | ||
| 260 | _c1991 | ||
| 300 | _a126 p | ||
| 942 | _cBK | ||
| 999 |
_c33822 _d33822 |
||